000 00549nam a2200205 4500
003 OSt
005 20240629013128.0
006 a
008 240629b |||||||| |||| 00| 0 eng d
020 _a9780470615331
040 _aDWCL-HMN lib.
_cOC
082 _aCirc. 641.5 M113s 2010
100 _aMcCargo, Aaron Jr.
245 _aSimply done well done /
260 _aN.J. :
_bJohn Wiley & Sons, Inc. ,
_cc2010.
300 _b224 p. : col. ill. ;
_c23 cm.
504 _aIncludes index.
650 _a1. Cooking.
942 _2ddc
_n0
_cBK-CIRC
_kCirc.
999 _c1624
_d1624